000 00705nam a22002417a 4500
001 127776
003 UA-OsUOA
005 20220818113636.0
007 ta
008 20171213b un ||||| |||| 00| 0 ukr d
020 _a966-7161-35-8
040 _aUA-OsUOA
_bukr
_cUA-OsUOA
_dUA-OsUOA
041 _aukr
080 _a821.161.2
090 _a821.161.2
_bК53
245 _aКнига Йова: у переспівах Миколи Карпенка
260 _aК.
_bКий
_c2000
300 _a92 с.
650 7 _a82 Література. Літературознавство
_2UDC
942 _cBK
_2udc
955 _a3
999 _c415029
_d415029